00594cam a22001814a 4500020003100000020003100031020003100062040000800093082002600101245008300127260003800210300002500248490004600273650003100319650002200350700002300372700001700395 a9780415871952 (alk. paper) a9780415871969 (alk. paper) a9780203846162 (alk. paper) cDLC00a379 ROU 2010 A070 Or.00aAccountability in higher education :bglobal perspectives on trust and power / aNew York, NY :bRoutledge,c2010. axv, 270 p. ;c25 cm.0 aInternational studies in higher education 0aEducational accountability 0aEducation, Higher1 aStensaker, Bjørn.1 aHarvey, Lee,